| 000 | 01758nam a22003017a 4500 | ||
|---|---|---|---|
| 005 | 20110608103154.0 | ||
| 010 | _aENG-102736 B-445303-307 | ||
| 020 |
_c175.00 _a9788174467331 |
||
| 035 | _aEN-86269 B-445303-307 | ||
| 037 | _bDBAD / PUB | ||
| 037 | _bAllied Pub/Ven | ||
| 082 | _a658 | ||
| 100 |
_aAquinas, P.G. _943846 |
||
| 245 |
_aEssentials of organisation behaviour / _cby P.G.Aquinas |
||
| 260 |
_aNew Delhi _bExcel Books _c2010 (repr.) |
||
| 270 |
_aA-45, Naraina, Phase-1 _bNew Delhi _e110028 |
||
| 300 | 2 |
_aviii,277p. _c25cm (pbk) |
|
| 500 | _aIncludes bibliographical references and Index | ||
| 700 | _928520 | ||
| 942 |
_2ddc _cEN _mAQU _h658 |
||
| 999 |
_c53400 _d53400 |
||